000 00289nam a2200121Ia 4500
008 190802s9999 xx 000 0 und d
020 _a978-1-84872-473-0
100 _aJoseph J.Pear
245 4 _aThe Science of Learning
260 _aUSA
_bPearson
_c2016
300 _a503:P
942 _cBK
999 _c2375
_d2375